| 000 | 00357nam a2200145Ia 4500 | ||
|---|---|---|---|
| 008 | 150201s2010 xx 000 0 und d | ||
| 082 |
_a617.07 _bP2010H |
||
| 100 | _aHARSH MOHAN | ||
| 245 | _aPATHOLOGY QUICK REVIEW & MCQS | ||
| 250 | _a3RD | ||
| 260 |
_bJAYPEE MEDICAL PUBLISHER _aDELHI _c2010 |
||
| 300 | _a1-720 | ||
| 650 | _aPATHOLOGY | ||
| 942 |
_2ddc _cBK |
||
| 999 |
_c4735 _d4735 |
||